LEADER 03115oas 2201249 a 450 001 9910134236803321 005 20260127110359.0 011 $a1878-3686 035 $a(DE-599)ZDB2074034-7 035 $a(OCoLC)49209210 035 $a(CONSER) 2002227006 035 $a(CKB)111025129473004 035 $a(DE-599)2074034-7 035 $a(EXLCZ)99111025129473004 100 $a20020227a20029999 sy a 101 0 $aeng 135 $auranu|||||||| 181 $ctxt$2rdacontent 182 $cc$2rdamedia 183 $acr$2rdacarrier 200 10$aCancer cell 210 $aCambridge, Mass. $cCell Press$d2002- 300 $aRefereed/Peer-reviewed 300 $aTitle from title screen (viewed February 27, 2002). 311 08$a1535-6108 330 $a"Cancer cell publishes reports of novel results in any area of cancer research, from molecular and cellular biology to clinical oncology." 606 $aCancer cells$vPeriodicals 606 $aCancer$xResearch$vPeriodicals 606 $aNeoplasms 606 $aCells$xpathology 606 $aCellules cance?reuses$vPe?riodiques 606 $aCancer$xRecherche$vPe?riodiques 606 $aCancer cells$2fast$3(OCoLC)fst00845563 606 $aCancer$xResearch$2fast$3(OCoLC)fst00845497 606 $aCčl·lules canceroses$vRevistes$2lemac 606 $aCāncer$xInvestigacio?$vRevistes$2lemac 606 $aTumors$vRevistes$2lemac 608 $aPeriodical. 608 $aOnline resources. 608 $aperiodicals.$2aat 608 $aPeriodicals.$2fast 608 $aPeriodicals.$2lcgft 608 $aPe?riodiques.$2rvmgf 615 0$aCancer cells 615 0$aCancer$xResearch 615 12$aNeoplasms. 615 22$aCells$xpathology. 615 6$aCellules cance?reuses 615 6$aCancer$xRecherche 615 7$aCancer cells. 615 7$aCancer$xResearch. 615 7$aCčl·lules canceroses 615 7$aCāncer$xInvestigacio? 615 7$aTumors 712 02$aCell Press 801 0$bVAM 801 1$bVAM 801 2$bOCLCQ 801 2$bEYM 801 2$bGUA 801 2$bOCLCQ 801 2$bMUQ 801 2$bGUA 801 2$bAZU 801 2$bLLB 801 2$bOCLCQ 801 2$bOCLCO 801 2$bOCLCQ 801 2$bOCLCO 801 2$bOCLCF 801 2$bOCLCO 801 2$bOCLCQ 801 2$bMTG 801 2$bZ5A 801 2$bOCLCO 801 2$bOCLCA 801 2$bBUF 801 2$bU3W 801 2$bEZC 801 2$bAU@ 801 2$bOCLCO 801 2$bWYU 801 2$bVT2 801 2$bBWN 801 2$bOCLCO 801 2$bOCLCQ 801 2$bOCLCO 801 2$bOCLCQ 801 2$bUAB 801 2$bSFB 801 2$bOCLCL 801 2$bUKMGB 801 2$bCCO 801 2$bCSU 801 2$bCN4UL 801 2$bAPAHS 801 2$bLIP 801 2$bCEF 801 2$bUWO 801 2$bYOU 801 2$bS2H 801 2$bLVT 801 2$bOCLCQ 906 $aJOURNAL 912 $a9910134236803321 996 $aCancer Cell$9796661 997 $aUNINA